| 000 | 01196 a2200229 4500 | ||
|---|---|---|---|
| 005 | 20080911095129.0 | ||
| 008 | 080911t xxu||||| |||| 00| 0 hin d | ||
| 010 | _aHIN-80517 | ||
| 020 | _c140.00 | ||
| 035 | _aHN-52863 | ||
| 037 | _bD.B.Act / pub | ||
| 082 | _a425 | ||
| 100 | _aबाहरी, हरदेव | ||
| 245 |
_aमुहावरा एवं लोकेक्तित कोशःसंग्रह,अर्थ तथा प्रयोग _cहरदेव बाहरी तथा श्यामला कान्त वर्मा |
||
| 246 |
_aMuhawara avam Lokokti Kosh _bby Her Dev Bahri&Shyamla Kant Verma |
||
| 260 |
_aनई दिल्ली _bविद्या प्रकाशन मंदिर _c1991 |
||
| 270 |
_a1681 दरियागंज _bनई दिल्ली _e110002 |
||
| 300 |
_a228पृ _c22सेमी (सजिल्द) |
||
| 700 | _aवर्मा, श्यामला कान्त | ||
| 942 |
_adpl _cHN _k425 / बाहरी _2ddc _h425 _mबाहरी |
||
| 999 |
_c6024 _d6024 |
||